Widok standardowy
Widok MARC
Pozycja Personal Name
Liczba rekordów, w których użyto hasła: 1
001 - Numer kontrolny
- control field: 43879
003 - Identyfikator numeru kontrolnego
- control field: NUKAT
005 - Data i czas ostatniej modyfikacji
- control field: 20260611142134.0
008 - Dane kontrolne kodowane (40 znaków)
- fixed length control field: 050119n||azznnbabn |a aaa |
010 ## - Numer kontrolny Biblioteki Kongresu
- numer kontrolny LC: p 2004408766
024 7# - OTHER STANDARD IDENTIFIER
- Standard number or code: 61586103
- Source of number or code: viaf
035 ## - Numer systemowy
- numer systemowy: a11791974
040 ## - Instytucja sporządzająca rekord
- inst. przygot. dane do rek. khw: WA N
- język haseł przedmiotowych/tezaurus: DBN
- inst. wprow. rek. khw: WA N
043 ## - Kod obszaru geograficznego
- ISO code: PL
- ISO code: FR
046 ## - Special dates
- Birth date: 1808
- Death date: 1878
100 1# - Hasło - nazwa osobowa
- nazwa osobowa w formie ujednoliconej: Zieliński, Józef Feliks
- daty biograficzne: (1808-1878)
375 ## - Gender
- Gender: 1
- Source of term: iso5218
377 ## - Assoc lang
- Lang code: pol
400 0# - Trop zob. - nazwa osobowa
- nazwa osobowa (nazwisko, imiona): Izet-Bey
- daty biograficzne: (1808-1878)
670 ## - Źródło informacji
- źródło informacji: Wspomnienia z tułactwa / Józef Feliks Zieliński. - Warszawa, 1989
670 ## - Źródło informacji
- źródło informacji: [Karykatura adiutanta Wrześniowskiego]. - [1861].
- gdzie znaleziono informację: Rysunek na odwrocie
670 ## - Źródło informacji
- źródło informacji: Encyklopedia PWN, dostęp 29.05.2017.
- adres internetowy: http://encyklopedia.pwn.pl/
670 ## - Źródło informacji
- źródło informacji: LHP